01003 2200349 4500001002100000005001500021035002000036007000300056040001700059100002200076245010800098250001000206300003600216504002600252020002200278041000800300082001000308084001600318090002200334264003000356336002100386337003000407338002300437650001500460700003900475850001000514008004100524990002200565990002200587990002200609990002200631INLIS00000000000935520260421023614 a0010-1122000314ta aSBPUPADbind0 aRasidiePengarang1 aCrochet Home Decoration :bKreasi Rajutan Elegan Untuk Dekorasi Rumah /cRasidi;Editor,Benedicta Rini W acet.1 aviii,136 hlm. :bilus. ;c23 cm abibiliografi, hlm 133 a978-979-29-2635-40 aind a746.4 a746.4 RAS c a746.4 RAS c 22-10 aYogyakarta :bANDI,c2011 2rdacontentateks 2rdamediaatanpa perantara 2rdacarrieravolume 4aHome Decor aEditor,Benedicta Rini WePengarang aPUPAD260421 0  a27.225/H/DPK/2018 a27.224/H/DPK/2018 a27.226/H/DPK/2018 a27.228/H/DPK/2018